000 01145cab a2200409 4500
001 ABS53554
008 090401t1995 xxu||||| |||| 00| 0 eng d
035 _a(Sirsi) u5070
041 _aeng
245 _aEstates Times survey: London West End and Midtown
260 _c1995
350 _a0
490 _aEstates Times
_v(1296) 29 September 1995, 9-23(15)
650 _aBURFORD
650 _aCOVENT GARDEN
650 _aCROSSRAIL
650 _aHOLBORN
650 _aKNIGHTSBRIDGE
650 _aLICENSED PREMISES MARKET
650 _aLONDON
650 _aMAYFAIR
650 _aMIDTOWN
650 _aPROPERTY-COMMERCIAL PROPERTY-OFFICE PROPERTY-OFFICE PROPERTY MARKET
650 _aOFFICE RENTS
650 _aPICCADILLY CIRCUS
650 _aPROPERTY-COMMERCIAL PROPERTY-RETAIL PROPERTY-RETAIL PROPERTY MARKET
650 _aRETAIL RENTS
650 _aSLOANE STREET
650 _aSOHO
650 _aSOUTH BANK OF LONDON
650 _aST JAMESS
650 _aVICTORIA
650 _aWEST END OF LONDON
690 _aPROPERTY-COMMERCIAL PROPERTY-COMMERCIAL PROPERTY MARKET
942 _n0
948 _c04/03/1997
999 _c3043
_d3043